| 000 | 01096cam a2200301 a 4500 | ||
|---|---|---|---|
| 999 |
_c478720 _d478720 |
||
| 001 | 12682843 | ||
| 003 | NUST | ||
| 005 | 20180712040542.0 | ||
| 008 | 010720s2001 enk e 001 0 eng | ||
| 010 | _a 2002392404 | ||
| 020 |
_a0099428946 _cRs. 580 |
||
| 035 | _a(UkLWHE)b000123950 | ||
| 038 | _aArshad | ||
| 040 |
_aDLC _cDLC _dDLC |
||
| 050 | 0 | 0 |
_aPR6051.C64 _bC57 2001 |
| 082 | 0 | 0 |
_a824.914 _bACK |
| 100 | 1 |
_aAckroyd, Peter, _d1949- _911581 |
|
| 245 | 1 | 4 |
_aThe collection / _cPeter Ackroyd ; edited and with an introduction by Thomas Wright. |
| 260 |
_aLondon : _bChatto & Windus, _c2001. |
||
| 300 |
_axxviii, 448 p. ; _c24 cm. |
||
| 500 | _aIncludes index. | ||
| 700 | 1 |
_aWright, Thomas _q(Thomas Edward), _d1973- _911582 |
|
| 856 | 4 | 2 |
_3Contributor biographical information _uhttp://www.loc.gov/catdir/bios/random054/2002392404.html |
| 856 | 4 | 2 |
_3Publisher description _uhttp://www.loc.gov/catdir/description/random0413/2002392404.html |
| 906 |
_a7 _bcbc _corigres _d2 _encip _f20 _gy-gencatlg |
||
| 942 |
_2ddc _cBK |
||